Normal view
MARC view
- SAVIR, J, MCANNEY, W. H, BARDELL, PAUL H
Entry Personal Name
001 - CONTROL NUMBER
- control field: 67293
003 - CONTROL NUMBER IDENTIFIER
- control field: NUST
005 - DATE AND TIME OF LATEST TRANSACTION
- control field: 20210628203801.0
008 - FIXED-LENGTH DATA ELEMENTS
- fixed length control field: 210628|| aca||aabn | a|a d
040 ## - CATALOGING SOURCE
- Original cataloging agency: NUST
- Transcribing agency: NUST
100 ## - HEADING--PERSONAL NAME
- Personal name: SAVIR, J, MCANNEY, W. H, BARDELL, PAUL H
670 ## - SOURCE DATA FOUND
- Source citation: Work cat.: (NUST): SAVIR, J, MCANNEY, W. H, BARDELL, PAUL H, BUILT IN TEST FOR VLSI, PSEUDORANDOM TECHNIQUES, 1987
